00545cam a2200169 a 450000100100000000500170001000800410002704000250006808200240009310000340011724500790015125000110023026000570024130000340029850400310033265000120036300000253620200929150217.0850506s1961 mnua b s001 0 eng  aDO-SdBNPbspacBNPHU a579.5bC554m, 1961.1 aChristensen, Clyde M.,d1905-14aThe molds and man :ban introduction to the fungi /cClyde M. Christensen. a2a ed. aMinneapolis :bUniversity of Minnesota Press,c1961. aviii, 238 p. :bil. ;c22 cm. aBibliografía: p. 228-229 4aHongos.